LEADER 01424nam a2200313 a 4500 001 000000106046 003 CaOOAMICUS 005 20070705101316.0 008 070705s2006 it a z000 ubita d 040 $aPUL$bita$dLDB 245 00$aHeidegger /$c[a cura di Armando Massarenti]. 246 33$aHeidegger : vita, pensiero, opere scelte 260 $aMilano :$bIl Sole 24 ore,$c2006. 300 $a873 p. :$bill. ;$c22 cm 490 1 $aI grandi filosofi ;$v30 500 $aComprende testi di: Paola Pettinotti, Gianni Vattimo. 504 $aInclude riferimenti bibliografici. 600 14$aHeidegger, Martin,$d1889-1976.$0(OLS)http://pul/subject/4860 700 1 $aMassarenti, Armando,$eed.$0(OLS)http://pul/name/64044 700 1 $aVattimo, Gianni,$d1936-$0(OLS)http://pul/name/9011 700 1 $aPettinotti, Paola.$0(OLS)http://pul/name/64297 700 1 $aHeidegger, Martin,$d1889-1976$tEssere e tempo.$0(OLS)http://pul/name/65132 830 2$aI grandi filosofi (Il Sole 24 ore) ;$v30.$0(OLS)http://pul/title/131213 850 $aPUL 852 $aPUL$W1$xSL Filosofia 3$y81$m103 COLL 1.30$j119070$qDDC 21$B118954$CPULBib$Z2$F118954 $H104670 $82 941 1 $a9 996 $6246$aHeidegger : vita, pensiero, opere scelte$9(OLS)http://pul/title/133559 996 $6245$aHeidegger$9(OLS)http://pul/title/133558 996 $6260$aMilano :$bIl Sole 24 ore$9(OLS)http://pul/publisher/69212 LEADER 01442nam a2200325 u 4500 001 000000053807 003 CaOOAMICUS 005 20070226115612.0 008 001122s1998 enka u000 u eng u 020 $a0-521-58178-8 (hbk.) 020 $a0-521-58841-3 (pbk.) 035 $a10862061 040 $aEFR$bita$dPUL 245 04$aThe Cambridge companion to Galileo /$cedited by Peter Machamer. 260 $aCambridge :$bCambridge University Press,$cc1998. 300 $axii, 462 p. :$bill. ;$c24 cm 490 1 $aCambridge companions to philosophy 500 $aIndex: p. 459-462. 504 $a"Selected bibliography": p. 449-458. 600 14$aGalilei, Galileo,$d1564-1642.$0(OLS)http://pul/subject/2137 650 4$aScienza$xStoria$ySec. XVII.$0(OLS)http://pul/subject/22167 700 1 $aMachamer, Peter K.$0(OLS)http://pul/name/38299 830 0$aCambridge companions to philosophy.$0(OLS)http://pul/title/42015 850 $aPUL 852 $aPUL$W1$xSL Filosofia 2$y80$mPhil A8 31$j70927$nBK-PRI$b $qStampati altre collocazioni$B70927$CPULBib$Z2$F70927 $H92952 $81 941 1 $a10 996 $6020$a0-521-58178-8 (hbk.)$9(OLS)http://pul/number/67805 996 $6020$a0-521-58841-3 (pbk.)$9(OLS)http://pul/number/67806 996 $6245$aThe Cambridge companion to Galileo$9(OLS)http://pul/title/72160 996 $6260$aCambridge :$bCambridge University Press$9(OLS)http://pul/publisher/50125 LEADER 01595nam a2200337 u 4500 001 000000024224 003 CaOOAMICUS 005 20070226111328.0 008 950517s1974 it u000 u ger u 035 $a10612877 040 $aBAV-R2$bita 100 1 $aMiyoshi, Michi,$cS.V.D.$0(OLS)http://pul/name/20281 245 14$aDer Anfang des Reiseberichts Lk 9,51-10,24 :$beine redaktionsgeschichtliche Untersuchung /$cMichi Miyoshi, S.V.D. 260 $aRome :$bBiblical Institute Press,$c1974. 300 $ax, 176 p. ;$c24 cm 490 1 $aAnalecta biblica ;$v60 500 $aComprende indici. 502 $aDiss. -- Pontificio Istituto Biblico (Roma), 1973. 504 $aBibliografia: p. [160]-166. 630 04$aBiblia.$pN.T.$pLucas.$nIX, 51-X, 24$xCritica e interpretazione.$0(OLS)http://pul/subject/37895 710 2 $aPontificio istituto biblico.$0(OLS)http://pul/name/471 830 0$aAnalecta biblica ;$v60.$0(OLS)http://pul/title/100 850 $aPUL 852 $aPUL$W1$xSL Religione 1$y3$m10(4) A 60$j33933$nBK-PRI$b $qStampati$B33933$CPULBib$Z2$F33933 $H $81 852 $aPUL$W1$xDP1 Tesi Pon. Ist. Biblico$y33$mTH BIB 84$j180860$qTesi$B183983$CPULBib$Z2$F183983 $H40862 $82 910 $aPontificium institutm biblicum$9471 941 1 $a8 941 1 $a16 961 $aINV: 40730 996 $6245$aDer Anfang des Reiseberichts Lk 9,51-10,24 :$beine redaktionsgeschichtliche Untersuchung$9(OLS)http://pul/title/33571 996 $6260$aRome :$bBiblical Institute Press$9(OLS)http://pul/publisher/48224